[Event "XXXI C.to Italiano seniores"]
[Site "Arvier ITA"]
[Date "2009.04.27"]
[Round "4"]
[White "Moretti, Mario"]
[Black "Cerusico, Carlo"]
[Result "0-1"]
[WhiteElo "1500"]
[BlackElo "1462"]
[PlyCount "74"]
[EventDate "2009.04.24"]

1. e4 e6 2. d4 d5 3. exd5 Qxd5 4. Nf3 a6 5. Bd3 Be7 6. O-O Qd8 7. a3 Nf6 8. h3
O-O 9. Be3 b6 10. Nc3 Bb7 11. Nh2 Nbd7 12. Bg5 Rc8 13. Bxf6 Nxf6 14. Ne2 Bd6
15. Nf3 Re8 16. Nd2 c5 17. c3 cxd4 18. Nxd4 Bb8 19. N2f3 e5 20. Bf5 Rc5 21. Nb3
Rd5 22. Qc2 e4 23. Nfd4 Qc7 24. g3 a5 25. a4 Ba6 26. Rfe1 Bd3 27. Qd2 g6 28.
Qg5 Qd6 29. Nc1 Rde5 30. Nxd3 exd3 31. Rxe5 Qxe5 32. Rd1 Ne4 33. Qg4 Nf6 34.
Qg5 Kh8 35. Rxd3 gxf5 36. Re3 Ne4 37. Nxf5 Nxg5 0-1

[Event "XXXI C.to Italiano seniores"]
[Site "Arvier ITA"]
[Date "2009.04.27"]
[Round "4"]
[White "Pettarini, Renato"]
[Black "Rossi, Giampiero"]
[Result "0-1"]
[WhiteElo "1738"]
[BlackElo "1915"]
[PlyCount "86"]
[EventDate "2009.04.24"]

1. c4 e6 2. Nf3 d5 3. e3 c6 4. Nc3 Nf6 5. d4 Be7 6. Bd3 Nbd7 7. O-O O-O 8. b3
b6 9. Bb2 Bb7 10. Rc1 Rc8 11. h3 Qc7 12. Qc2 Qb8 13. Ne5 Rfd8 14. f4 Nf8 15.
Qe2 dxc4 16. bxc4 c5 17. Rcd1 Qa8 18. Ba3 Ne4 19. Nxe4 Bxe4 20. dxc5 Bxd3 21.
Rxd3 Bxc5 22. Rxd8 Rxd8 23. Bxc5 bxc5 24. Rd1 f6 25. Rxd8 Qxd8 26. Qd3 Qxd3 27.
Nxd3 Nd7 28. Kf2 Kf7 29. g4 Ke7 30. Kf3 g6 31. h4 Kd6 32. g5 f5 33. e4 Kc6 34.
Ke3 Kb6 35. exf5 exf5 36. Ne5 Nxe5 37. fxe5 Kc6 38. Kf4 Kd7 39. a4 Ke6 40. a5
a6 41. h5 gxh5 42. Kg3 Kxe5 43. Kh4 f4 0-1

[Event "XXXI C.to Italiano seniores"]
[Site "Arvier ITA"]
[Date "2009.04.27"]
[Round "4"]
[White "Piazza, Giacomo"]
[Black "Centofante, Maria Rosa"]
[Result "0-1"]
[WhiteElo "1441"]
[BlackElo "1603"]
[PlyCount "110"]
[EventDate "2009.04.24"]

1. Nf3 Nf6 2. b3 d5 3. e3 Bg4 4. Be2 e6 5. Bb2 Be7 6. a3 Nbd7 7. d3 c5 8. Nbd2
a6 9. h3 Bh5 10. c4 Qb6 11. g4 Bg6 12. cxd5 exd5 13. Nh4 O-O 14. Nxg6 fxg6 15.
h4 Ne8 16. g5 h6 17. f4 h5 18. Bf3 Qe6 19. Qe2 Nd6 20. Bg2 Nf5 21. Bh3 Qxe3 22.
Qxe3 Nxe3 23. Bxd7 Nc2+ 24. Ke2 Nxa1 25. Bxa1 d4 26. Rf1 Rad8 27. Be6+ Kh8 28.
Ne4 Bd6 29. f5 gxf5 30. Rxf5 Rxf5 31. Bxf5 Re8 32. b4 b6 33. Kf3 Bf8 34. Bb2
cxb4 35. axb4 Bxb4 36. Bxd4 b5 37. Ng3 Rf8 38. g6 Be1 39. Bf2 Bc3 40. Bc5 Rf6
41. Be7 Rc6 42. Nxh5 b4 43. Be4 Re6 44. Bg5 b3 45. Bd5 Rb6 46. Be4 b2 47. d4
Bxd4 48. Bb1 a5 49. Nf4 a4 50. h5 Bf6 51. Nd5 Rb3+ 52. Kf4 Bxg5+ 53. Kxg5 Rb5
54. h6 Rxd5+ 55. Kf4 Rd1 0-1

[Event "XXXI C.to Italiano seniores"]
[Site "Arvier ITA"]
[Date "2009.04.27"]
[Round "4"]
[White "Quagliarella, Sabino Remo"]
[Black "De Polzer, Manfredi"]
[Result "1/2-1/2"]
[WhiteElo "1911"]
[BlackElo "1813"]
[PlyCount "50"]
[EventDate "2009.04.24"]

1. d4 e6 2. Nf3 b6 3. Nbd2 Bb7 4. e4 d6 5. Bd3 Nd7 6. O-O g6 7. c3 Bg7 8. a4 a6
9. Qe2 Ne7 10. b3 O-O 11. Bb2 c5 12. Nc4 Qc7 13. e5 Bxf3 14. Qxf3 dxe5 15. dxe5
Nxe5 16. Nxe5 Bxe5 17. g3 Bg7 18. Rad1 a5 19. Be4 Rad8 20. Bc1 Rxd1 21. Rxd1
Rd8 22. Rxd8+ Qxd8 23. Bg5 Qd6 24. Bxe7 Qxe7 25. Qd3 Qc7 1/2-1/2

[Event "XXXI C.to Italiano seniores"]
[Site "Arvier ITA"]
[Date "2009.04.27"]
[Round "4"]
[White "Recubini, Dante"]
[Black "Beltrami, Nerio"]
[Result "0-1"]
[WhiteElo "1472"]
[BlackElo "2057"]
[PlyCount "76"]
[EventDate "2009.04.24"]

1. e4 d6 2. d4 Nf6 3. Nc3 g6 4. Bg5 Bg7 5. h3 c6 6. Nf3 O-O 7. Bd3 Nbd7 8. Qd2
b5 9. b4 Re8 10. O-O Bb7 11. Rfe1 Qc7 12. Ne2 a6 13. Ng3 c5 14. d5 cxb4 15.
Rab1 Nc5 16. Rxb4 Nfd7 17. Rbb1 Na4 18. Ne2 Rac8 19. Rb3 e6 20. Qc1 exd5 21.
exd5 Bxd5 22. Ned4 Bxb3 23. axb3 Nac5 24. Bf1 Ne6 25. Be3 Nxd4 26. Nxd4 Qc3 27.
Bd3 Bxd4 28. Bd2 Qc5 29. Rf1 Ne5 30. Be4 d5 31. b4 Qc6 32. Bf3 Nxf3+ 33. gxf3
Qxc2 34. Qxc2 Rxc2 35. Bf4 Ree2 36. Bg3 g5 37. h4 h6 38. f4 gxf4 0-1

[Event "XXXI C.to Italiano seniores"]
[Site "Arvier ITA"]
[Date "2009.04.27"]
[Round "4"]
[White "Renzini, Lorenzo"]
[Black "Papa, Angelo"]
[Result "0-1"]
[WhiteElo "1812"]
[BlackElo "1882"]
[PlyCount "65"]
[EventDate "2009.04.24"]

1. c4 g6 2. Nf3 Bg7 3. g3 Nf6 4. Bg2 O-O 5. Nc3 d6 6. O-O e5 7. d3 Nc6 8. Rb1
a5 9. a3 Bd7 10. b4 axb4 11. axb4 Qc8 12. b5 Ne7 13. Ng5 h6 14. Nge4 Nxe4 15.
Nxe4 f5 16. Nc3 Kh7 17. Qc2 f4 18. f3 Bh3 19. Ne4 Bxg2 20. Kxg2 Nf5 21. g4 Nd4
22. Qd2 Qd8 23. e3 fxe3 24. Qxe3 Ne6 25. g5 Nf4+ 26. Kh1 Ra2 27. Rf2 Rxf2 28.
Nxf2 Qxg5 29. Ng4 h5 30. h4 Qxh4+ 31. Kg1 Qg3+ 32. Kf1 Qh3+ 33. Kf2 0-1

[Event "XXXI C.to Italiano seniores"]
[Site "Arvier ITA"]
[Date "2009.04.27"]
[Round "4"]
[White "Rosino, Antonio"]
[Black "Colombo, Paolo"]
[Result "1-0"]
[WhiteElo "2258"]
[BlackElo "2138"]
[PlyCount "149"]
[EventDate "2009.04.24"]

1. e4 d6 2. d4 Nf6 3. Nc3 c6 4. f4 Qa5 5. Bd3 e5 6. Nf3 Nbd7 7. O-O Be7 8. Be3
O-O 9. Qe1 Qc7 10. Ne2 d5 11. fxe5 Nxe4 12. Nf4 Nb6 13. Bf2 Bf5 14. Bh4 Rae8
15. h3 h6 16. Bxe7 Qxe7 17. Nh5 Bg6 18. Ng3 f5 19. exf6 Rxf6 20. Ne5 Rxf1+ 21.
Nxf1 Bh7 22. Nd2 Nd7 23. Ndf3 Nxe5 24. Nxe5 Qg5 25. Qe2 Rf8 26. Bxe4 Bxe4 27.
c3 Qg3 28. Rf1 Rxf1+ 29. Qxf1 Qe3+ 30. Qf2 Qxf2+ 31. Kxf2 Kf8 32. Nd7+ Ke7 33.
Nc5 Bb1 34. Nxb7 Bxa2 35. Ke3 g5 36. Na5 Kd6 37. Kf3 Bb1 38. Kg4 Bg6 39. g3 Kc7
40. Nb3 Kd7 41. Nd2 Ke6 42. Nf3 Kf6 43. Ne5 Be8 44. h4 c5 45. hxg5+ hxg5 46.
Nf3 Bd7+ 47. Kh5 Be8+ 48. Kh6 cxd4 49. Nxd4 Bd7 50. Kh5 Be8+ 51. Kg4 Bd7+ 52.
Kf3 Ke5 53. Ke3 g4 54. Nb3 Ba4 55. Nc5 Bd1 56. Nd3+ Kd6 57. Kd4 Bf3 58. Nf4 a5
59. Nd3 Be4 60. Nc5 Bf3 61. Nb7+ Kc6 62. Nxa5+ Kb5 63. Nb3 Kc6 64. Nc5 Be2 65.
Ne6 Bf3 66. Ng7 Kd6 67. Nf5+ Kc6 68. Ke5 Kc5 69. Ne3 Kc6 70. b4 Kb5 71. Kd6 d4
72. cxd4 Kxb4 73. Ke5 Kc3 74. d5 Kd3 75. d6 1-0

[Event "XXXI C.to Italiano seniores"]
[Site "Arvier ITA"]
[Date "2009.04.27"]
[Round "4"]
[White "Schiappacasse, Marcello"]
[Black "Cesati Cassin, Giorgio"]
[Result "1-0"]
[WhiteElo "1920"]
[BlackElo "1398"]
[PlyCount "63"]
[EventDate "2009.04.24"]

1. e4 c5 2. Nf3 Nc6 3. d4 cxd4 4. Nxd4 g6 5. Nc3 Bg7 6. Be3 Nf6 7. Bc4 O-O 8.
h3 d6 9. O-O a6 10. Qd2 Nxd4 11. Bxd4 Bd7 12. Rae1 Qc7 13. Bb3 e5 14. Be3 Bc6
15. Bg5 Bb5 16. Nxb5 axb5 17. f4 Rad8 18. f5 Rd7 19. fxg6 Ne8 20. gxf7+ Kh8 21.
fxe8=Q Rxe8 22. Bh6 Qc5+ 23. Kh1 Qd4 24. Bxg7+ Rxg7 25. Qxd4 exd4 26. Rf6 Rd8
27. Ref1 h6 28. Rxh6+ Rh7 29. Rxh7+ Kxh7 30. Rf7+ Kg6 31. Rxb7 Re8 32. Bf7+ 1-0

[Event "XXXI C.to Italiano seniores"]
[Site "Arvier ITA"]
[Date "2009.04.27"]
[Round "4"]
[White "Tribuiani, Renato"]
[Black "Pipitone, Antonio"]
[Result "1/2-1/2"]
[WhiteElo "2078"]
[BlackElo "2024"]
[PlyCount "102"]
[EventDate "2009.04.24"]

1. e4 c5 2. Nc3 Nc6 3. f4 d6 4. Nf3 Bg4 5. Bb5 e6 6. O-O a6 7. Bxc6+ bxc6 8. h3
Bxf3 9. Qxf3 Qc7 10. f5 e5 11. d3 Be7 12. b3 Rd8 13. g4 h6 14. Be3 Qa5 15. Ne2
d5 16. Rfd1 Bf6 17. Bd2 Qb6 18. Kg2 Ne7 19. Be1 d4 20. h4 Qc7 21. Qh3 Nc8 22.
Ng3 Ke7 23. Bd2 Rdg8 24. Nh5 Nd6 25. Kf3 Kd8 26. Rg1 Be7 27. Qh2 Ne8 28. Ng3
Kc8 29. Rh1 Qd8 30. Rag1 f6 31. Qf2 Nd6 32. Qe1 Qd7 33. Qc1 Nb5 34. a4 Nd6 35.
g5 hxg5 36. hxg5 Rxh1 37. Rxh1 fxg5 38. Bxg5 Nf7 39. Bxe7 Qxe7 40. Rh5 Qf6 41.
Qd2 Kb7 42. Ke2 Rh8 43. Rxh8 Nxh8 44. Kd1 Nf7 45. Qh2 Qg5 46. Qh5 Qxg3 47.
Qxf7+ Kb6 48. Kc1 Qe1+ 49. Kb2 Qc3+ 50. Kb1 Qe1+ 51. Ka2 Qd2 1/2-1/2

[Event "XXXI C.to Italiano seniores"]
[Site "Arvier ITA"]
[Date "2009.04.27"]
[Round "5"]
[White "Barlocco, Carlo"]
[Black "Rosino, Antonio"]
[Result "1/2-1/2"]
[WhiteElo "2131"]
[BlackElo "2258"]
[PlyCount "71"]
[EventDate "2009.04.24"]

1. g3 d5 2. Bg2 e5 3. d3 Nf6 4. Nf3 Nc6 5. O-O Be7 6. Nc3 O-O 7. Re1 d4 8. Nb1
h6 9. Na3 Be6 10. b3 Bb4 11. Rf1 Nd5 12. c4 dxc3 13. Nc2 Bc5 14. Qe1 Nd4 15.
Ne3 f6 16. a3 Nxe3 17. Bxe3 Nc2 18. Qxc3 Nxe3 19. fxe3 Bxe3+ 20. Kh1 Qd6 21.
Rab1 Bd5 22. b4 Rac8 23. Nh4 Bxg2+ 24. Kxg2 Qd5+ 25. Kh3 Qe6+ 26. Kg2 f5 27.
Qb3 Qxb3 28. Rxb3 f4 29. Ng6 Rfe8 30. gxf4 Bxf4 31. h4 h5 32. Rb2 Be3 33. Rf3
Bd4 34. Rc2 Re6 35. Rg3 Kh7 36. Rxc7 1/2-1/2

[Event "XXXI C.to Italiano seniores"]
[Site "Arvier ITA"]
[Date "2009.04.27"]
[Round "5"]
[White "Bellia, Mario"]
[Black "Di Terlizzi, Domenico"]
[Result "0-1"]
[WhiteElo "1377"]
[BlackElo "1688"]
[PlyCount "98"]
[EventDate "2009.04.24"]

1. b3 d5 2. Bb2 Bf5 3. Nf3 e6 4. c4 c6 5. e3 h6 6. Nc3 Nf6 7. a4 a5 8. Rc1 Bd6
9. d4 O-O 10. c5 Bc7 11. Ne2 Nbd7 12. Ng3 Bh7 13. Be2 Ne4 14. O-O Qb8 15. Bd3
f5 16. Qc2 Ndf6 17. Ne5 Nxg3 18. fxg3 Bxe5 19. dxe5 Ng4 20. Bd4 Nxe5 21. Be2
Nd7 22. Qd2 e5 23. Bb2 Qc7 24. g4 fxg4 25. Bxg4 Rxf1+ 26. Kxf1 Rf8+ 27. Kg1 Bf5
28. Be2 b6 29. g4 Be4 30. cxb6 Qxb6 31. Qc3 c5 32. Bb5 d4 33. exd4 Qf6 34. Bc4+
Kh8 35. Rf1 Qg5 36. Be6 Rxf1+ 37. Kxf1 Qf6+ 38. Bf5 Bxf5 39. dxe5 Qa6+ 40. Kf2
Bxg4 41. Kg3 Qg6 42. h3 Be6+ 43. Kh2 Qf5 44. Kg2 Qe4+ 45. Kg3 Qf5 46. Kg2 Nxe5
47. Qxe5 Qxe5 48. Bxe5 Bxb3 49. Kf2 Bxa4 0-1

[Event "XXXI C.to Italiano seniores"]
[Site "Arvier ITA"]
[Date "2009.04.27"]
[Round "5"]
[White "Beltrami, Nerio"]
[Black "Di Cio', Enrico"]
[Result "1-0"]
[WhiteElo "2057"]
[BlackElo "1765"]
[PlyCount "85"]
[EventDate "2009.04.24"]

1. e4 e5 2. Nf3 Nc6 3. Bb5 a6 4. Ba4 Nf6 5. d3 b5 6. Bb3 h6 7. O-O Bc5 8. a4
Bb7 9. Nc3 b4 10. Nd5 a5 11. c3 O-O 12. d4 exd4 13. cxd4 Ba7 14. e5 Nxd5 15.
Bxd5 d6 16. e6 fxe6 17. Bxe6+ Kh8 18. Be3 Qf6 19. Bd5 Nd8 20. Bxb7 Nxb7 21. Qd3
Rab8 22. Rac1 c5 23. d5 Qxb2 24. Qa6 Qb3 25. Qxa7 Qxa4 26. Qa6 Qd7 27. Ra1 Ra8
28. Qd3 a4 29. Nd2 Qf5 30. Qb5 Qxd5 31. Rfd1 a3 32. Nc4 Qe6 33. Qxb7 Qxc4 34.
Rxd6 b3 35. Bxh6 Qc3 36. Rc1 Qxc1+ 37. Bxc1 a2 38. Rh6+ Kg8 39. Qd5+ Rf7 40.
Qxa8+ Rf8 41. Qd5+ Rf7 42. Ra6 Kf8 43. Qd8# 1-0

[Event "XXXI C.to Italiano seniores"]
[Site "Arvier ITA"]
[Date "2009.04.27"]
[Round "5"]
[White "Bogatto, Mario"]
[Black "Breidenbach, Heinz"]
[Result "0-1"]
[WhiteElo "1468"]
[BlackElo "1522"]
[PlyCount "62"]
[EventDate "2009.04.24"]

1. Nf3 Nf6 2. c4 e6 3. Nc3 d5 4. cxd5 exd5 5. d4 c6 6. a3 Be7 7. e3 O-O 8. Be2
Bg4 9. h3 Bh5 10. Ne5 Bxe2 11. Qxe2 Qa5 12. Bd2 Qc7 13. O-O Bd6 14. f4 a6 15.
b4 Nbd7 16. Ng4 Rfe8 17. Qf2 Ne4 18. Nxe4 dxe4 19. Nh2 f5 20. Rac1 Nf6 21. g4
fxg4 22. hxg4 Re7 23. g5 Nh5 24. Qh4 g6 25. d5 Ng7 26. Ng4 Nf5 27. Nh6+ Nxh6
28. Qxh6 Rf7 29. Qh2 Rf5 30. Qh4 Rxd5 31. Bc3 Rf5 0-1

[Event "XXXI C.to Italiano seniores"]
[Site "Arvier ITA"]
[Date "2009.04.27"]
[Round "5"]
[White "Brandi, Marcello"]
[Black "Piazza, Giacomo"]
[Result "0-1"]
[WhiteElo "1381"]
[BlackElo "1441"]
[PlyCount "86"]
[EventDate "2009.04.24"]

1. d4 Nf6 2. Nf3 g6 3. Bf4 Bg7 4. h3 O-O 5. e3 d6 6. Bh2 c5 7. c3 a6 8. Be2
Nbd7 9. O-O b5 10. b3 Qb6 11. Nbd2 Bb7 12. Qc2 Rac8 13. Rab1 Rfe8 14. Rfe1 Qc6
15. Rbc1 e5 16. dxe5 dxe5 17. Rf1 g5 18. g4 h5 19. e4 hxg4 20. hxg4 Nxg4 21.
Bg3 f6 22. Kg2 Nf8 23. Nh2 Nxh2 24. Bxh2 Rcd8 25. f3 Ng6 26. Bg3 Nf4+ 27. Bxf4
gxf4 28. c4 Qd7 29. Rcd1 Bc6 30. Rh1 b4 31. Nb1 Qf7 32. Rdg1 f5 33. Bd3 Qd7 34.
Rd1 Bf6 35. Qe2 Qg7+ 36. Kf1 Kf7 37. Rg1 Qh7 38. Qf2 Bh4 39. Qh2 Qh5 40. Ke2
Rxd3 41. Rxd3 fxe4 42. Rdd1 Qxf3+ 43. Kd2 Qd3+ 0-1

[Event "XXXI C.to Italiano seniores"]
[Site "Arvier ITA"]
[Date "2009.04.27"]
[Round "5"]
[White "Centofante, Maria Rosa"]
[Black "D'Aulisa, Francesco"]
[Result "1-0"]
[WhiteElo "1603"]
[BlackElo "1755"]
[PlyCount "77"]
[EventDate "2009.04.24"]

1. d4 e6 2. Nf3 h6 3. c4 d6 4. Nc3 b6 5. e4 Ne7 6. e5 d5 7. cxd5 Nxd5 8. Bc4
Bb4 9. O-O O-O 10. Nxd5 exd5 11. Bd3 Nc6 12. a3 Be7 13. Bc2 Bg4 14. Qd3 f5 15.
exf6 Bxf6 16. Qh7+ Kf7 17. Qg6+ Kg8 18. Qxg4 Re8 19. Bxh6 Re2 20. Rac1 Qe7 21.
Qg6 Re8 22. Qh7+ Kf8 23. Bg6 gxh6 24. Rxc6 Qxh7 25. Bxh7 R8e7 26. Rxf6+ Kg7 27.
Rf5 Kxh7 28. Rxd5 Rxb2 29. Re5 Rd7 30. Rfe1 Rb3 31. R5e3 Rb2 32. h3 a5 33. Re7+
Rxe7 34. Rxe7+ Kg6 35. Rxc7 b5 36. d5 Rb3 37. Rc5 a4 38. Nd4 Rd3 39. Nxb5 1-0

[Event "XXXI C.to Italiano seniores"]
[Site "Arvier ITA"]
[Date "2009.04.27"]
[Round "5"]
[White "Cerusico, Carlo"]
[Black "Recubini, Dante"]
[Result "1/2-1/2"]
[WhiteElo "1462"]
[BlackElo "1472"]
[PlyCount "131"]
[EventDate "2009.04.24"]

1. d4 e6 2. Nf3 g6 3. e3 Bg7 4. Bd3 b6 5. O-O Bb7 6. Nbd2 Ne7 7. Re1 O-O 8. e4
d6 9. c3 Nbc6 10. Nf1 Re8 11. Be3 a5 12. a4 Na7 13. Qd2 Kh8 14. Ng5 Rf8 15. f4
Bh6 16. Nf3 f5 17. Ng3 fxe4 18. Nxe4 Nf5 19. Bf2 Ng7 20. Neg5 Bxg5 21. Nxg5 Bc8
22. Bh4 Qd7 23. Re2 Nc6 24. Rae1 Rf6 25. Ne4 Rf7 26. Nf6 Qe7 27. Bg5 Rxf6 28.
g4 Qf8 29. Bxf6 Qxf6 30. g5 Qf7 31. Rf2 Bd7 32. Bb5 Na7 33. Bxd7 Qxd7 34. Qd3
Nc8 35. d5 Ne7 36. Qd4 Nxd5 37. Rf3 Kg8 38. Qe4 Re8 39. Rh3 Rf8 40. Rf1 Nh5 41.
Rhf3 Ng7 42. Kg2 Nf5 43. Kh3 Ng7 44. Kg2 Nf5 45. Kh3 c6 46. Re1 Ng7 47. Kg2 Re8
48. h3 Ne7 49. Qe3 c5 50. Kh2 Nef5 51. Qd2 Qc6 52. b3 Nh4 53. Rf2 d5 54. Re5
Nhf5 55. Qe2 Nd6 56. Qf3 Ne4 57. Rg2 Nf5 58. Qd3 Ng7 59. c4 Nd6 60. cxd5 exd5
61. Qxd5+ Qxd5 62. Rxd5 Rd8 63. Rgd2 Ngf5 64. R2d3 Kf7 65. Kg2 Ke6 66. Re5+
1/2-1/2

[Event "XXXI C.to Italiano seniores"]
[Site "Arvier ITA"]
[Date "2009.04.27"]
[Round "5"]
[White "Cesati Cassin, Giorgio"]
[Black "Deiana, Giacomo"]
[Result "1/2-1/2"]
[WhiteElo "1398"]
[BlackElo "1724"]
[PlyCount "25"]
[EventDate "2009.04.24"]

1. e4 c5 2. Nc3 d6 3. g3 g6 4. Bg2 Bg7 5. Nge2 Nf6 6. O-O Nc6 7. h3 O-O 8. d3
e5 9. f4 Nh5 10. fxe5 Nxe5 11. Be3 Be6 12. Qd2 Qd7 13. Kh2 1/2-1/2

[Event "XXXI C.to Italiano seniores"]
[Site "Arvier ITA"]
[Date "2009.04.27"]
[Round "5"]
[White "Colombo, Paolo"]
[Black "Renzini, Lorenzo"]
[Result "1-0"]
[WhiteElo "2138"]
[BlackElo "1812"]
[PlyCount "31"]
[EventDate "2009.04.24"]

1. d4 Nf6 2. Nf3 g6 3. c4 Bg7 4. Nc3 d6 5. e4 O-O 6. Be2 Nbd7 7. O-O e5 8. Be3
b6 9. b4 Ng4 10. Bg5 f6 11. Bh4 exd4 12. Nxd4 Nde5 13. h3 Nh6 14. f4 c5 15.
Ndb5 Nc6 16. Qd5+ 1-0

[Event "XXXI C.to Italiano seniores"]
[Site "Arvier ITA"]
[Date "2009.04.27"]
[Round "5"]
[White "De Polzer, Manfredi"]
[Black "Antonelli, Fabrizio"]
[Result "0-1"]
[WhiteElo "1813"]
[BlackElo "2024"]
[PlyCount "158"]
[EventDate "2009.04.24"]

1. e4 e5 2. Nf3 Nc6 3. d4 exd4 4. c3 d3 5. Bxd3 Nf6 6. O-O d6 7. Bg5 Be7 8. Re1
Bg4 9. Nbd2 O-O 10. Qc2 Ne5 11. Nxe5 dxe5 12. b4 Nd7 13. Be3 Bg5 14. Nf1 Qf6
15. Be2 Be6 16. Rad1 Rad8 17. c4 a6 18. Rd2 Nb8 19. b5 Qg6 20. Red1 Rxd2 21.
Qxd2 Be7 22. Ng3 Bg4 23. f3 Be6 24. a4 h6 25. Ba7 Nd7 26. Be3 Nc5 27. Qc2 axb5
28. axb5 b6 29. Nf1 f5 30. exf5 Bxf5 31. Qc3 Bd6 32. Ng3 Be6 33. Kh1 Kh8 34.
Bxc5 Bxc5 35. Bd3 Qf7 36. Ne4 Bd4 37. Qb4 Rd8 38. Qa4 Qe7 39. Qc2 Ra8 40. Rc1
Qa3 41. h3 Qa2 42. Be2 Qxc2 43. Rxc2 Ra1+ 44. Kh2 Rb1 45. g4 Rb2 46. Rxb2 Bxb2
47. Kg3 Bd4 48. Bd3 Be3 49. Kg2 Kg8 50. Kg3 Kf8 51. Kg2 Ke7 52. Kf1 Kd7 53. Ke2
Bd4 54. Kd2 c6 55. bxc6+ Kxc6 56. Kc2 Bc8 57. Kb3 Be6 58. Ka4 Bc5 59. Kb3 b5
60. Kc3 b4+ 61. Kb3 Be7 62. Bc2 Kb6 63. Bd3 Ka5 64. Bc2 Bd7 65. Bd3 Ba4+ 66.
Kb2 Bd1 67. Nd2 Ka4 68. Bc2+ Bxc2 69. Kxc2 Bg5 70. Nb3 Be7 71. Kb2 Bf8 72. Nd2
Bc5 73. Ne4 Bd4+ 74. Kb1 b3 75. Nd2 Kb4 76. Ne4 Kxc4 77. Nd6+ Kd3 78. Nf5 e4
79. fxe4 Kxe4 0-1

[Event "XXXI C.to Italiano seniores"]
[Site "Arvier ITA"]
[Date "2009.04.27"]
[Round "5"]
[White "De Zaiacomo, Tonino"]
[Black "Quagliarella, Sabino Remo"]
[Result "0-1"]
[WhiteElo "1787"]
[BlackElo "1911"]
[PlyCount "50"]
[EventDate "2009.04.24"]

1. d4 g6 2. Nf3 Bg7 3. e4 d6 4. h3 c5 5. Bb5+ Bd7 6. Bxd7+ Nxd7 7. O-O cxd4 8.
Nxd4 Ngf6 9. Re1 O-O 10. Nc3 a6 11. Bd2 Qc7 12. Nf3 Rac8 13. Rc1 e6 14. Bf4 e5
15. Bd2 b5 16. Nd5 Nxd5 17. exd5 Nf6 18. Bg5 Qc5 19. Bxf6 Bxf6 20. Re4 Bg7 21.
c3 f5 22. b4 Qa7 23. Re3 Bh6 24. Qe2 Bxe3 25. fxe3 f4 0-1

[Event "XXXI C.to Italiano seniores"]
[Site "Arvier ITA"]
[Date "2009.04.27"]
[Round "5"]
[White "Fragni, Enrico"]
[Black "Incelli, Renato"]
[Result "0-1"]
[WhiteElo "1751"]
[BlackElo "1487"]
[PlyCount "144"]
[EventDate "2009.04.24"]

1. d4 Nf6 2. c4 g6 3. Nc3 Bg7 4. Nf3 O-O 5. e4 d6 6. Be2 Re8 7. Bg5 Nbd7 8. Qd2
c6 9. O-O Qc7 10. Bh6 Bh8 11. h3 e5 12. dxe5 dxe5 13. b4 a6 14. c5 Nf8 15. Qc2
Bd7 16. Rfd1 Rad8 17. Ng5 Ne6 18. Nxe6 Bxe6 19. f3 Nh5 20. Bf1 Ng3 21. Bd3 Qc8
22. Kh2 Nh5 23. Bf1 Nf4 24. Bg5 Rd7 25. Na4 Qc7 26. Nb6 Rd4 27. g3 Nh5 28. Be3
Rdd8 29. Nc4 Bxc4 30. Bxc4 Bf6 31. Bd3 Qe7 32. Rd2 Bg5 33. Re1 Bxe3 34. Rxe3
Qg5 35. f4 exf4 36. Rf3 fxg3+ 37. Kh1 Qh4 38. Bf1 Nf4 39. Rxd8 Rxd8 40. Kg1
Nxh3+ 41. Bxh3 Qxh3 42. Qg2 Qxg2+ 43. Kxg2 Rd2+ 44. Kxg3 Rxa2 45. Rb3 Rd2 46.
Kf4 Kg7 47. Ke5 f6+ 48. Kf4 h5 49. Ke3 Rd1 50. Ke2 Rh1 51. Kf2 Rh2+ 52. Kg3 Rd2
53. Kf4 g5+ 54. Kg3 Kg6 55. Kf3 h4 56. Kg4 Rd4 57. Kf3 Kh5 58. Ke3 Rd1 59. Ke2
Rh1 60. Kf2 g4 61. Kg2 Rd1 62. Re3 Rd2+ 63. Kg1 h3 64. e5 fxe5 65. Rxe5+ Kh4
66. Re3 Rb2 67. Re4 Rb3 68. Kh2 Rb2+ 69. Kh1 h2 70. Rc4 Kh3 71. Rc3+ g3 72. Rc1
g2# 0-1

[Event "XXXI C.to Italiano seniores"]
[Site "Arvier ITA"]
[Date "2009.04.27"]
[Round "5"]
[White "Gardi, Giuseppe"]
[Black "Tribuiani, Renato"]
[Result "0-1"]
[WhiteElo "2008"]
[BlackElo "2078"]
[PlyCount "104"]
[EventDate "2009.04.24"]

1. d4 d5 2. Nf3 e6 3. e3 Bd6 4. Bd3 f5 5. O-O Nf6 6. c4 c6 7. Nc3 O-O 8. cxd5
exd5 9. Ne5 Nbd7 10. f4 Ne4 11. Bd2 Qh4 12. Be1 Qh6 13. Rf3 Qh5 14. Be2 Ndf6
15. Rh3 Qe8 16. Rc1 Be6 17. Nxe4 dxe4 18. Bc4 Bxc4 19. Nxc4 Qe6 20. a3 Nd5 21.
b4 g6 22. Bh4 Nb6 23. Na5 Rf7 24. Qc2 Rc8 25. Bg5 a6 26. Rg3 Rfc7 27. h4 h5 28.
Kf2 Kf7 29. Rh3 Qd5 30. Rhh1 Qb5 31. Rhd1 Nd5 32. Nc4 Ke6 33. Qb3 b6 34. Rb1 a5
35. Nxd6 Kxd6 36. bxa5 Qxb3 37. Rxb3 b5 38. Bh6 Ra7 39. Rc1 Rxa5 40. Rc2 Nb6
41. Bg7 Nc4 42. Ra2 Rca8 43. Ke2 Kd5 44. Bf6 Rxa3 45. Raxa3 Rxa3 46. Rxa3 Nxa3
47. Be7 Nb1 48. Kd1 Kc4 49. Kc2 Nc3 50. Ba3 Nd5 51. Bc1 Nb4+ 52. Kd2 Nd3 0-1

[Event "XXXI C.to Italiano seniores"]
[Site "Arvier ITA"]
[Date "2009.04.27"]
[Round "5"]
[White "Jeanrenaud, Antonia"]
[Black "Facchini, Roberto"]
[Result "0-1"]
[WhiteElo "1455"]
[BlackElo "1600"]
[PlyCount "88"]
[EventDate "2009.04.24"]

1. e4 c6 2. d4 d5 3. e5 Bf5 4. Bd3 Bxd3 5. Qxd3 e6 6. Nf3 Nd7 7. c3 a6 8. Nbd2
c5 9. b3 cxd4 10. cxd4 Rc8 11. O-O Bb4 12. Bb2 Ne7 13. a3 Ba5 14. b4 Bb6 15. h3
O-O 16. Ng5 Ng6 17. Ngf3 Rc6 18. g3 Qe7 19. Nb3 Rfc8 20. Nc5 Bxc5 21. bxc5 b5
22. Bc1 f6 23. Bd2 fxe5 24. Bg5 Qf7 25. dxe5 Ndxe5 26. Nxe5 Nxe5 27. Qe3 Nf3+
28. Kg2 Nxg5 29. Qxg5 Rxc5 30. h4 Qf6 31. Qg4 Rc4 32. f4 Rc2+ 33. Rf2 Kf7 34.
Qh5+ Ke7 35. Re1 Rxf2+ 36. Kxf2 h6 37. Qxd5 Rd8 38. Qb7+ Rd7 39. Qxa6 Qd4+ 40.
Kg2 Qd2+ 41. Kf1 Qd3+ 42. Kf2 Rd6 43. Qa7+ Kf6 44. Re3 Qc4 0-1

[Event "XXXI C.to Italiano seniores"]
[Site "Arvier ITA"]
[Date "2009.04.27"]
[Round "5"]
[White "Lisandri, Luigi"]
[Black "Pettarini, Renato"]
[Result "0-1"]
[WhiteElo "1458"]
[BlackElo "1738"]
[PlyCount "66"]
[EventDate "2009.04.24"]

1. c4 Nf6 2. Nf3 e6 3. Nc3 d5 4. cxd5 exd5 5. e3 c6 6. Be2 Bd6 7. d4 O-O 8. O-O
Re8 9. Qc2 Qc7 10. h3 Nbd7 11. Bd3 Nf8 12. Bd2 h6 13. Rfe1 Be6 14. Re2 Rad8 15.
Rae1 N8h7 16. e4 dxe4 17. Nxe4 Nxe4 18. Bxe4 Nf6 19. Bd3 Bd5 20. Rxe8+ Rxe8 21.
Rxe8+ Nxe8 22. Nh4 Be7 23. Nf5 Bf6 24. Be3 Qd7 25. b3 Nd6 26. Nxd6 Qxd6 27. Qd2
Be6 28. Be4 a6 29. Bf4 Qxd4 30. Qc2 Qc3 31. Be3 Be5 32. Qe2 Qa1+ 33. Qf1 Bh2+
0-1

[Event "XXXI C.to Italiano seniores"]
[Site "Arvier ITA"]
[Date "2009.04.27"]
[Round "5"]
[White "Moretti, Mario"]
[Black "Di Cicco, Daniela"]
[Result "1/2-1/2"]
[WhiteElo "1500"]
[BlackElo "1589"]
[PlyCount "108"]
[EventDate "2009.04.24"]

1. e4 e6 2. Nf3 d5 3. exd5 exd5 4. d4 Nf6 5. Bg5 Nbd7 6. Bd3 Be7 7. Bxf6 Nxf6
8. h3 O-O 9. O-O Re8 10. Re1 h6 11. a3 c6 12. c3 Be6 13. Nbd2 Qc7 14. Nh4 Bd6
15. Ndf3 Qd7 16. Ne5 Qc8 17. Re3 Be7 18. Rf3 Ne4 19. Kh2 Bxh4 20. g3 Bf6 21. g4
Bh4 22. Qe2 Ng5 23. Rf4 Rf8 24. f3 Kh8 25. Rf1 Nh7 26. Bf5 Bg5 27. Bxe6 Qxe6
28. Nxf7+ Rxf7 29. Qxe6 Bxf4+ 30. Kg2 Ng5 31. Qe2 Rd7 32. Qc2 Rf7 33. Qd1 Re8
34. Re1 Rfe7 35. Rxe7 Rxe7 36. h4 Nf7 37. Qc2 Kg8 38. Kf1 Re3 39. Kg2 Bc7 40.
Kf2 Re7 41. Kg2 Nd6 42. b3 Kf7 43. Kf2 g6 44. Qd2 Kg7 45. Kg2 Re6 46. Kh3 Bd8
47. Kg3 Nf7 48. Kh3 g5 49. h5 Rf6 50. Kg3 Bc7+ 51. Kf2 Bf4 52. Qd3 Re6 53. Qc2
Nh8 54. Kg2 Rf6 1/2-1/2

[Event "XXXI C.to Italiano seniores"]
[Site "Arvier ITA"]
[Date "2009.04.27"]
[Round "5"]
[White "Oteri, Aldo"]
[Black "Maestri, Roberto"]
[Result "0-1"]
[WhiteElo "1832"]
[BlackElo "1570"]
[PlyCount "34"]
[EventDate "2009.04.24"]

1. e4 d6 2. d4 Nf6 3. Nc3 c6 4. f4 Qa5 5. Bd3 Nbd7 6. Nf3 e5 7. dxe5 dxe5 8. a3
exf4 9. Bxf4 Nh5 10. Be3 Ne5 11. Nxe5 Qxe5 12. Qf3 Be6 13. O-O-O Nf6 14. h3
Bxa3 15. bxa3 Qxc3 16. Bg5 Qxa3+ 17. Kd2 Qa5+ 0-1